[Event "Bayerische Meisterschaft (Frauen) 2015"]
[Site "Westerndorf St.Peter/Rosenheim"]
[Date "2015.08.22"]
[Round "5.5"]
[White "Müller, Lilianne"]
[Black "Milak, Adela"]
[Result "0-1"]
[WhiteElo "1762"]
[BlackElo "1659"]
[PlyCount "66"]
[EventDate "2015.08.22"]
[WhiteTeam "MSA Zugzwang 82"]
[BlackTeam "SC Haar 1931"]

1. d4 e6 2. c4 f5 3. Nc3 Nf6 4. Nf3 Bb4 5. Bd2 O-O 6. g3 Bxc3 7. bxc3 b6 8. Bg2
Nc6 9. Ne5 Bb7 10. Nxc6 Bxc6 11. Bxc6 dxc6 12. Bf4 Qe7 13. a4 a5 14. O-O Rad8
15. f3 h6 16. Qc2 Nh5 17. Be5 g5 18. e3 Nf6 19. Qg2 Nd7 20. f4 Nxe5 21. fxe5
Qe8 22. e4 c5 23. exf5 exf5 24. Qh3 Qe6 25. Rae1 cxd4 26. cxd4 Rxd4 27. Rc1 Kg7
28. c5 Rxa4 29. cxb6 Qxb6+ 30. Kh1 Ra2 31. Rfd1 Rf7 32. Qf1 Qb2 33. Qg1 Qb7+
0-1

[Event "Bayerische Meisterschaft (Frauen) 2015"]
[Site "Westerndorf St.Peter/Rosenheim"]
[Date "2015.08.22"]
[Round "6.1"]
[White "Huber, Dorit"]
[Black "Milak, Adela"]
[Result "1-0"]
[WhiteElo "1612"]
[BlackElo "1659"]
[PlyCount "151"]
[EventDate "2015.08.22"]
[WhiteTeam "SK Germering"]
[BlackTeam "SC Haar 1931"]

1. d4 e6 2. Bf4 Bd6 3. Bg3 Nf6 4. e3 b6 5. Nf3 Ne4 6. Bxd6 cxd6 7. c4 Bb7 8.
Nc3 Nxc3 9. bxc3 d5 10. cxd5 Bxd5 11. c4 Bb7 12. Be2 O-O 13. O-O d6 14. Qc2 Nd7
15. Rfd1 Qe7 16. Rd2 Rfc8 17. Qb2 Nf6 18. Rc2 Ne4 19. Nd2 Ng5 20. f3 f5 21. Re1
Nf7 22. Bd3 Qh4 23. Qc1 Qe7 24. Nb3 Qg5 25. Kh1 Ba6 26. Bf1 e5 27. c5 Bxf1 28.
Rxf1 exd4 29. exd4 Qxc1 30. Rfxc1 dxc5 31. dxc5 bxc5 32. Nxc5 Rab8 33. h3 Nd6
34. Kh2 Rb5 35. Kg3 Nb7 36. Ne6 Rxc2 37. Rxc2 Kf7 38. Nd4 Rb6 39. Nxf5 Kf6 40.
Nd4 Ke5 41. Nb3 Kd5 42. Rc7 Rg6+ 43. Kf2 Nd6 44. Rxa7 Nb5 45. Ra5 Kc4 46. Ra4+
Kc3 47. Nc5 Kb2 48. Ra5 Nc3 49. Na4+ Nxa4 50. Rxa4 Rd6 51. Kg3 h6 52. h4 h5 53.
Ra7 Rg6+ 54. Kh3 Kc3 55. Rb7 Kd4 56. a4 Ke3 57. Rb2 Kf4 58. Ra2 Ra6 59. a5 g6
60. Ra3 Kf5 61. Kg3 Ke5 62. Ra4 Kf5 63. Kf2 Ke5 64. g4 Kd5 65. Kg3 Kc5 66. f4
Kb5 67. Ra1 Kc4 68. f5 gxf5 69. gxf5 Kd5 70. Kf4 Kd6 71. Kg5 Ke5 72. Kxh5 Kf6
73. Kg4 Ra8 74. a6 Rg8+ 75. Kf4 Ra8 76. a7 1-0

[Event "Bayerische Meisterschaft (Frauen) 2015"]
[Site "Westerndorf St.Peter/Rosenheim"]
[Date "2015.08.22"]
[Round "6.2"]
[White "Homfeldt, Maren"]
[Black "Müller, Lilianne"]
[Result "0-1"]
[WhiteElo "1333"]
[BlackElo "1762"]
[PlyCount "78"]
[EventDate "2015.08.22"]
[WhiteTeam "SC Noris-Tarrasch Nürnberg 1873"]
[BlackTeam "MSA Zugzwang 82"]

1. g3 c5 2. Bg2 Nc6 3. a3 e6 4. e3 d5 5. d3 Nf6 6. h3 Be7 7. Ne2 Qc7 8. O-O O-O
9. Kh2 e5 10. Nd2 Be6 11. b3 Rad8 12. Bb2 Nd7 13. Ng1 f5 14. e4 d4 15. f4 exf4
16. gxf4 fxe4 17. Nxe4 Rxf4 18. Ng3 Rdf8 19. Qe2 R4f6 20. Rf3 Bd6 21. Raf1 Bd5
22. Rxf6 Bxg3+ 23. Kh1 Nxf6 24. Bxd5+ Kh8 25. Qe6 Nd8 26. Qf5 Qe5 27. Qxe5 Bxe5
28. Bc1 Bd6 29. Rf5 g6 30. Rxf6 Rxf6 31. Bg5 Rf5 32. Bxd8 Rxd5 33. Bf6+ Kg8 34.
Ne2 Rf5 35. Bh4 Rh5 36. Bg3 Bxg3 37. Nxg3 Rxh3+ 38. Kg2 Rxg3+ 39. Kxg3 Kf7 0-1

[Event "Bayerische Meisterschaft (Frauen) 2015"]
[Site "Westerndorf St.Peter/Rosenheim"]
[Date "2015.08.22"]
[Round "6.3"]
[White "Lorenz, Oda"]
[Black "Riedelsheimer, Julia"]
[Result "0-1"]
[WhiteElo "1805"]
[BlackElo "1448"]
[PlyCount "76"]
[EventDate "2015.08.22"]
[WhiteTeam "SG Augsburg 1873"]
[BlackTeam "SC Roter Turm Altstadt"]

1. e4 e6 2. d4 d5 3. exd5 exd5 4. c4 Nf6 5. Nc3 Bb4 6. Nf3 Nc6 7. c5 O-O 8. Be2
Bg4 9. O-O Bxc3 10. bxc3 b6 11. cxb6 cxb6 12. h3 Bh5 13. Bg5 h6 14. Bh4 Rc8 15.
Nh2 Bxe2 16. Qxe2 Qd6 17. Qf3 Ne4 18. Qd3 Na5 19. Rac1 Qa3 20. Rce1 Qxc3 21.
Qxc3 Nxc3 22. Re7 Nc6 23. Rfe1 Nxe7 24. Rxe7 Rfe8 25. Nf3 Rxe7 26. Bxe7 Nxa2
27. g4 f6 28. Nh4 Kf7 29. Bd6 a5 30. Nf5 b5 31. Bc5 Rd8 32. Bb6 Rd7 33. Bxa5 b4
34. Ne3 b3 35. Nd1 Ra7 36. Bd2 Rc7 37. Bf4 Rc2 38. Kg2 Nc3 0-1

[Event "Bayerische Meisterschaft (Frauen) 2015"]
[Site "Westerndorf St.Peter/Rosenheim"]
[Date "2015.08.22"]
[Round "6.4"]
[White "Janekovic, Vera"]
[Black "Homfeldt, Claudia Laura"]
[Result "1-0"]
[WhiteElo "1618"]
[BlackElo "1442"]
[PlyCount "97"]
[EventDate "2015.08.22"]
[WhiteTeam "FC Bayern München"]
[BlackTeam "SC Noris-Tarrasch Nürnberg 1873"]

1. d4 d6 2. c4 e6 3. e4 Nf6 4. Nc3 c6 5. Nf3 h6 6. Be2 a6 7. O-O Nbd7 8. h3 Be7
9. Be3 O-O 10. Qc2 b5 11. cxb5 axb5 12. Bd3 e5 13. d5 b4 14. dxc6 bxc3 15. cxd7
Bxd7 16. Qxc3 Be6 17. a4 Rc8 18. Qd2 Bc4 19. a5 Bxd3 20. Qxd3 Ra8 21. a6 Nh5
22. b4 Nf4 23. Bxf4 exf4 24. b5 Bf6 25. Ra2 Qb6 26. Rb1 Rfb8 27. Nd2 Bd4 28.
Qe2 Re8 29. Nf3 d5 30. Nxd4 Qxd4 31. b6 Qxe4 32. Qxe4 dxe4 33. b7 e3 34. bxa8=Q
exf2+ 35. Kxf2 Rxa8 36. a7 Kh7 37. Rb8 Rxa7 38. Rxa7 h5 39. Rxf7 f3 40. Kxf3 h4
41. Rbb7 Kh6 42. Rxg7 Kh5 43. Rgc7 Kg6 44. Rb5 Kf6 45. Rc6+ Ke7 46. Rb7+ Kd8
47. Rh6 Kc8 48. Rg7 Kd8 49. Rh8# 1-0

[Event "Bayerische Meisterschaft (Frauen) 2015"]
[Site "Westerndorf St.Peter/Rosenheim"]
[Date "2015.08.22"]
[Round "6.5"]
[White "Weiß, Monika"]
[Black "Stegmaier, Erika"]
[Result "0-1"]
[WhiteElo "1633"]
[BlackElo "1619"]
[PlyCount "57"]
[EventDate "2015.08.22"]
[WhiteTeam "SC Bavaria Regensburg 1881"]
[BlackTeam "1. SK Neuperlach"]

1. e4 c5 2. c3 Nc6 3. d4 cxd4 4. cxd4 e6 5. Nc3 d6 6. Nf3 Be7 7. Bd3 Nf6 8. O-O
O-O 9. a3 a6 10. h3 b5 11. b4 Bb7 12. Bf4 Rc8 13. Rc1 h6 14. e5 dxe5 15. dxe5
Nh7 16. Bxh7+ Kxh7 17. Qc2+ Kg8 18. Rfd1 Qe8 19. Rd3 f5 20. exf6 Rxf6 21. Be5
Nxe5 22. Nxe5 Be4 23. Nxe4 Rxc2 24. Rxc2 Rf5 25. Nc6 Rd5 26. Rxd5 exd5 27. Ng3
Bd6 28. Ne2 Qe4 29. Ncd4 0-1

[Event "Bayerische Meisterschaft (Frauen) 2015"]
[Site "Westerndorf St.Peter/Rosenheim"]
[Date "2015.08.22"]
[Round "7.1"]
[White "Stegmaier, Erika"]
[Black "Huber, Dorit"]
[Result "0-1"]
[WhiteElo "1619"]
[BlackElo "1612"]
[PlyCount "96"]
[EventDate "2015.08.22"]
[WhiteTeam "1. SK Neuperlach"]
[BlackTeam "SK Germering"]

1. c4 f5 2. g3 Nf6 3. Bg2 e6 4. Nc3 c6 5. e3 d5 6. cxd5 exd5 7. d4 Bd6 8. Nf3
O-O 9. O-O Nbd7 10. a3 Ne4 11. Qc2 Qe7 12. Re1 Nb6 13. b3 Bd7 14. Bb2 h6 15.
Ne2 Be8 16. Ne5 Nd7 17. Nxd7 Qxd7 18. b4 Bg6 19. Nf4 Bh7 20. Qd1 Qf7 21. Rc1 g5
22. Nd3 h5 23. Ne5 Bxe5 24. dxe5 h4 25. e6 Qxe6 26. Qd4 Qf6 27. f3 Qxd4 28.
Bxd4 Nd2 29. Rc3 h3 30. Bh1 a6 31. Rd1 Nc4 32. e4 f4 33. exd5 cxd5 34. Rcc1
Rae8 35. Re1 Bf5 36. a4 Bd7 37. a5 Rxe1+ 38. Rxe1 Re8 39. Kf2 Rxe1 40. Kxe1 Kf7
41. Ke2 Bb5 42. Kf2 Ke6 43. Ba7 Na3 44. Bb8 Kf5 45. Ba7 Nc2 46. Bc5 d4 47. gxf4
gxf4 48. Bf8 d3 0-1

[Event "Bayerische Meisterschaft (Frauen) 2015"]
[Site "Westerndorf St.Peter/Rosenheim"]
[Date "2015.08.22"]
[Round "7.2"]
[White "Homfeldt, Claudia Laura"]
[Black "Weiß, Monika"]
[Result "1/2-1/2"]
[WhiteElo "1442"]
[BlackElo "1633"]
[PlyCount "49"]
[EventDate "2015.08.22"]
[WhiteTeam "SC Noris-Tarrasch Nürnberg 1873"]
[BlackTeam "SC Bavaria Regensburg 1881"]

1. e4 d6 2. Nf3 Nf6 3. Nc3 e5 4. d3 g6 5. h3 Bg7 6. Be2 O-O 7. Be3 c6 8. O-O
Nbd7 9. Qd2 b5 10. Bh6 Nb6 11. Bxg7 Kxg7 12. b4 Nh5 13. a3 Nf4 14. d4 Nxe2+ 15.
Nxe2 Nc4 16. Qc3 f6 17. a4 Be6 18. axb5 cxb5 19. d5 Bd7 20. Nd2 Nb6 21. f4 Na4
22. Qg3 Qb6+ 23. Kh2 Rac8 24. c3 a5 25. Nb3 1/2-1/2

[Event "Bayerische Meisterschaft (Frauen) 2015"]
[Site "Westerndorf St.Peter/Rosenheim"]
[Date "2015.08.22"]
[Round "7.3"]
[White "Riedelsheimer, Julia"]
[Black "Janekovic, Vera"]
[Result "0-1"]
[WhiteElo "1448"]
[BlackElo "1618"]
[PlyCount "56"]
[EventDate "2015.08.22"]
[WhiteTeam "SC Roter Turm Altstadt"]
[BlackTeam "FC Bayern München"]

1. d4 d5 2. Nf3 Nf6 3. c4 e6 4. Nc3 Be7 5. g3 O-O 6. Bg2 c6 7. O-O Nbd7 8. Nd2
dxc4 9. Nxc4 Nd5 10. e4 Nxc3 11. bxc3 Nb6 12. Ne3 Qc7 13. a4 a5 14. Qb3 Bd7 15.
Rb1 Ra6 16. Nc4 Nxc4 17. Qxc4 Qc8 18. e5 Qb8 19. Qb3 b5 20. Ba3 Bxa3 21. Qxa3
Qa7 22. Rfd1 Rb8 23. Bf1 Rab6 24. Ra1 b4 25. cxb4 Rxb4 26. Qc3 Rc8 27. Qc5 Qc7
28. Qxa5 Qxa5 0-1

[Event "Bayerische Meisterschaft (Frauen) 2015"]
[Site "Westerndorf St.Peter/Rosenheim"]
[Date "2015.08.22"]
[Round "7.4"]
[White "Müller, Lilianne"]
[Black "Lorenz, Oda"]
[Result "0-1"]
[WhiteElo "1762"]
[BlackElo "1805"]
[PlyCount "60"]
[EventDate "2015.08.22"]
[WhiteTeam "MSA Zugzwang 82"]
[BlackTeam "SG Augsburg 1873"]

1. d4 Nf6 2. c4 c5 3. e3 g6 4. Nc3 cxd4 5. exd4 Bg7 6. Nf3 d6 7. Be2 O-O 8. O-O
Nc6 9. a3 Bg4 10. Be3 Rc8 11. h3 Bd7 12. Rc1 a6 13. b4 e6 14. Qd2 Ne7 15. g4 d5
16. Bh6 dxc4 17. Bxg7 Kxg7 18. g5 Nfd5 19. Ne5 b5 20. Bf3 f6 21. gxf6+ Rxf6 22.
Ne4 Rf4 23. Bg2 Nf5 24. Rfd1 Nh4 25. Nxd7 Nxg2 26. Ndc5 Rxe4 27. Nxe4 Ngf4 28.
Rc3 Nxc3 29. Nxc3 Qg5+ 30. Kf1 Qg2+ 0-1

[Event "Bayerische Meisterschaft (Frauen) 2015"]
[Site "Westerndorf St.Peter/Rosenheim"]
[Date "2015.08.22"]
[Round "7.5"]
[White "Milak, Adela"]
[Black "Homfeldt, Maren"]
[Result "1-0"]
[WhiteElo "1659"]
[BlackElo "1333"]
[PlyCount "91"]
[EventDate "2015.08.22"]
[WhiteTeam "SC Haar 1931"]
[BlackTeam "SC Noris-Tarrasch Nürnberg 1873"]

1. Nf3 h6 2. d4 g6 3. b3 Bg7 4. Bb2 e6 5. Nbd2 d6 6. e4 Ne7 7. Rb1 Nd7 8. g3 a6
9. Bg2 b6 10. O-O Bb7 11. Qe2 O-O 12. h4 Kh7 13. Nh2 e5 14. d5 f5 15. exf5 Nxf5
16. h5 gxh5 17. Qxh5 Qg5 18. Qxg5 hxg5 19. Be4 Kg6 20. g4 Nc5 21. gxf5+ Rxf5
22. Bxf5+ Kxf5 23. c4 Kf4 24. Bc1 Nd3 25. Rd1 Nxc1 26. Rbxc1 g4 27. Rc3 Rh8 28.
Re1 e4 29. Rxe4+ Kf5 30. Rce3 Rh4 31. Ndf1 Rh3 32. Ng3+ Rxg3+ 33. fxg3 Bh6 34.
Re2 c6 35. Nxg4 Bg5 36. Rd4 cxd5 37. cxd5 Bc8 38. Re8 Bd7 39. Rf8+ Kg6 40. Kf2
Kg7 41. Rb8 Bc1 42. Rb7 Bb2 43. Rxd7+ Kh8 44. Re4 Bg7 45. Re8+ Kh7 46. Ree7 1-0

[Event "Bayerische Meisterschaft (Frauen) 2015"]
[Site "Westerndorf St.Peter/Rosenheim"]
[Date "2015.08.22"]
[Round "8.2"]
[White "Lorenz, Oda"]
[Black "Milak, Adela"]
[Result "1-0"]
[WhiteElo "1805"]
[BlackElo "1659"]
[PlyCount "71"]
[EventDate "2015.08.22"]
[WhiteTeam "SG Augsburg 1873"]
[BlackTeam "SC Haar 1931"]

1. e4 e6 2. d4 d5 3. exd5 exd5 4. c4 Nf6 5. Nc3 Bb4 6. Nf3 Ne4 7. Bd2 Nxd2 8.
Nxd2 dxc4 9. Bxc4 Qxd4 10. Qe2+ Kf8 11. O-O Bg4 12. Qd3 Qxd3 13. Bxd3 Bxc3 14.
bxc3 Nd7 15. f3 Be6 16. Nb3 Ne5 17. Be4 c6 18. Rfd1 f5 19. Bc2 g6 20. Nc5 Bc8
21. Rd8+ Kg7 22. Rxh8 Kxh8 23. Rd1 Nc4 24. Rd8+ Kg7 25. Bb3 b5 26. Ne6+ Kf7 27.
Nc7 a5 28. a4 Kf6 29. Nxa8 Nd6 30. Rh8 Bb7 31. Nb6 c5 32. axb5 Nxb5 33. Rxh7
Bc6 34. f4 Nd6 35. Rc7 c4 36. Bxc4 1-0

[Event "Bayerische Meisterschaft (Frauen) 2015"]
[Site "Westerndorf St.Peter/Rosenheim"]
[Date "2015.08.22"]
[Round "8.3"]
[White "Janekovic, Vera"]
[Black "Müller, Lilianne"]
[Result "1/2-1/2"]
[WhiteElo "1618"]
[BlackElo "1762"]
[PlyCount "93"]
[EventDate "2015.08.22"]
[WhiteTeam "FC Bayern München"]
[BlackTeam "MSA Zugzwang 82"]

1. d4 e6 2. c4 c5 3. e3 Nf6 4. Nf3 a6 5. Be2 g6 6. O-O Qc7 7. Nc3 cxd4 8. exd4
Bg7 9. Be3 O-O 10. h3 d6 11. Qc2 Nbd7 12. Rad1 b6 13. Qd2 Re8 14. b3 Bb7 15. d5
e5 16. Bg5 Nh5 17. Ne4 f5 18. Ng3 Nxg3 19. fxg3 Nc5 20. Be3 Ne4 21. Qe1 Qd8 22.
Nd2 Nc3 23. Qf2 Nxd1 24. Bxd1 b5 25. Nf3 Bf6 26. Be2 bxc4 27. Bxc4 Qe7 28. Qd2
Rec8 29. Bg5 e4 30. Bxf6 Qxf6 31. Ng5 a5 32. Nxe4 Qd8 33. Ng5 Ba6 34. Bxa6 Rxa6
35. Ne6 Qb6+ 36. Kh2 Ra7 37. Qg5 Qb5 38. Rxf5 Qe8 39. Rf8+ Qxf8 40. Nxf8 Rxf8
41. Qe3 Raa8 42. Qe6+ Kg7 43. Qxd6 Rad8 44. Qe5+ Kh6 45. d6 Rfe8 46. Qxa5 Rd7
47. h4 1/2-1/2

[Event "Bayerische Meisterschaft (Frauen) 2015"]
[Site "Westerndorf St.Peter/Rosenheim"]
[Date "2015.08.22"]
[Round "8.4"]
[White "Weiß, Monika"]
[Black "Riedelsheimer, Julia"]
[Result "1/2-1/2"]
[WhiteElo "1633"]
[BlackElo "1448"]
[PlyCount "83"]
[EventDate "2015.08.22"]
[WhiteTeam "SC Bavaria Regensburg 1881"]
[BlackTeam "SC Roter Turm Altstadt"]

1. e4 e6 2. d4 d5 3. exd5 exd5 4. Bd3 Nc6 5. c3 Bd6 6. Nf3 Bg4 7. h3 Be6 8. O-O
Nge7 9. Qc2 Qd7 10. Ng5 h6 11. Nxe6 fxe6 12. Nd2 O-O-O 13. Nf3 e5 14. dxe5 Nxe5
15. Nxe5 Bxe5 16. Re1 Bd6 17. b4 g5 18. Be3 Kb8 19. a4 g4 20. h4 g3 21. Bd4
gxf2+ 22. Qxf2 Rhg8 23. Bxa7+ Kc8 24. Bd4 Bg3 25. Qf6 Bxe1 26. Rxe1 Qg4 27. Re2
Rde8 28. Bc5 Kd8 29. Bxe7+ Rxe7 30. Qxe7+ Kc8 31. Qf7 Kb8 32. Re8+ Rxe8 33.
Qxe8+ Ka7 34. Qe3+ Kb8 35. Qe8+ Ka7 36. Qe3+ Kb8 37. Qe1 d4 38. c4 Ka7 39. c5
h5 40. g3 Qf3 41. Qf2 Qxd3 42. Qf1 1/2-1/2

[Event "Bayerische Meisterschaft (Frauen) 2015"]
[Site "Westerndorf St.Peter/Rosenheim"]
[Date "2015.08.22"]
[Round "8.5"]
[White "Stegmaier, Erika"]
[Black "Homfeldt, Claudia Laura"]
[Result "1-0"]
[WhiteElo "1619"]
[BlackElo "1442"]
[PlyCount "63"]
[EventDate "2015.08.22"]
[WhiteTeam "1. SK Neuperlach"]
[BlackTeam "SC Noris-Tarrasch Nürnberg 1873"]

1. c4 e5 2. g3 d6 3. Bg2 c6 4. Nc3 Nf6 5. e3 Nbd7 6. d4 Be7 7. Nge2 O-O 8. O-O
Re8 9. Qc2 Qc7 10. Bd2 Nf8 11. Rac1 Ng6 12. Ne4 Bd7 13. Nxf6+ Bxf6 14. Bc3 exd4
15. Bxd4 Bxd4 16. Nxd4 Ne5 17. a3 c5 18. Ne2 Bc6 19. e4 f5 20. f3 fxe4 21. fxe4
Ng4 22. Nf4 Ne3 23. Qd3 Nxf1 24. Rxf1 Re5 25. Nd5 Bxd5 26. exd5 Rae8 27. Qd2
Re2 28. Qc3 R8e3 29. Qc1 Qa5 30. Qb1 Re1 31. Qf5 Re5 32. Qf8# 1-0

[Event "Bayerische Meisterschaft (Frauen) 2015"]
[Site "Westerndorf St.Peter/Rosenheim"]
[Date "2015.08.22"]
[Round "9.1"]
[White "Homfeldt, Claudia Laura"]
[Black "Huber, Dorit"]
[Result "1/2-1/2"]
[WhiteElo "1442"]
[BlackElo "1612"]
[PlyCount "52"]
[EventDate "2015.08.22"]
[WhiteTeam "SC Noris-Tarrasch Nürnberg 1873"]
[BlackTeam "SK Germering"]

1. e4 c6 2. Nf3 d5 3. exd5 cxd5 4. Nc3 Nf6 5. d4 Bf5 6. h3 Nc6 7. Nh4 Bg6 8.
Nxg6 hxg6 9. Bb5 e6 10. Bxc6+ bxc6 11. O-O c5 12. dxc5 Bxc5 13. Be3 d4 14. Na4
dxe3 15. Nxc5 Qb6 16. Nd3 Rd8 17. fxe3 Qxe3+ 18. Kh1 g5 19. Qf3 Qxf3 20. Rxf3
Ne4 21. Kg1 f6 22. Re3 f5 23. Nf2 Nxf2 24. Kxf2 Rd2+ 25. Re2 Rxe2+ 26. Kxe2 Ke7
1/2-1/2

[Event "Bayerische Meisterschaft (Frauen) 2015"]
[Site "Westerndorf St.Peter/Rosenheim"]
[Date "2015.08.22"]
[Round "9.2"]
[White "Riedelsheimer, Julia"]
[Black "Stegmaier, Erika"]
[Result "1/2-1/2"]
[WhiteElo "1448"]
[BlackElo "1619"]
[PlyCount "91"]
[EventDate "2015.08.22"]
[WhiteTeam "SC Roter Turm Altstadt"]
[BlackTeam "1. SK Neuperlach"]

1. d4 d5 2. c4 e6 3. Nf3 Nf6 4. g3 Be7 5. Bg2 O-O 6. O-O Nbd7 7. Nc3 dxc4 8.
Nd2 Nb6 9. e3 c6 10. Qe2 Bd7 11. Nxc4 Nxc4 12. Qxc4 Rb8 13. b4 b5 14. Qb3 Re8
15. Bb2 Nd5 16. a3 Nb6 17. Ne4 Nc4 18. Qc2 Nxb2 19. Qxb2 h6 20. Rfc1 Rc8 21.
Nd2 Bf6 22. Rc5 Be7 23. Rc2 Bf6 24. Ne4 a6 25. Nd6 e5 26. Nxc8 Qxc8 27. Rac1
exd4 28. exd4 Re6 29. Rd1 Qe8 30. Qc1 Bxd4 31. Bh3 Rd6 32. Bxd7 Qxd7 33. Kg2
Qf5 34. Rf1 Qd5+ 35. f3 Re6 36. Qd1 Qf5 37. Rd2 c5 38. bxc5 Bxc5 39. Rd8+ Bf8
40. Qd3 Qc5 41. Qb3 Re2+ 42. Kh1 Qh5 43. h4 Qf5 44. g4 Qf4 45. Rxf8+ Kxf8 46.
Qb4+ 1/2-1/2

[Event "Bayerische Meisterschaft (Frauen) 2015"]
[Site "Westerndorf St.Peter/Rosenheim"]
[Date "2015.08.22"]
[Round "9.3"]
[White "Müller, Lilianne"]
[Black "Weiß, Monika"]
[Result "1-0"]
[WhiteElo "1762"]
[BlackElo "1633"]
[PlyCount "41"]
[EventDate "2015.08.22"]
[WhiteTeam "MSA Zugzwang 82"]
[BlackTeam "SC Bavaria Regensburg 1881"]

1. d4 d5 2. c4 e6 3. Nf3 Nf6 4. Nc3 c5 5. e3 cxd4 6. exd4 Nc6 7. a3 Be7 8. Bd3
dxc4 9. Bxc4 O-O 10. O-O a6 11. Bg5 Nd7 12. Bxe7 Nxe7 13. d5 Nb6 14. d6 Nxc4
15. dxe7 Qxe7 16. Qe2 b5 17. b3 Nb6 18. Rfd1 Bb7 19. Qe3 Nd5 20. Nxd5 Bxd5 21.
Rxd5 1-0

[Event "Bayerische Meisterschaft (Frauen) 2015"]
[Site "Westerndorf St.Peter/Rosenheim"]
[Date "2015.08.22"]
[Round "9.4"]
[White "Milak, Adela"]
[Black "Janekovic, Vera"]
[Result "1-0"]
[WhiteElo "1659"]
[BlackElo "1618"]
[PlyCount "65"]
[EventDate "2015.08.22"]
[WhiteTeam "SC Haar 1931"]
[BlackTeam "FC Bayern München"]

1. Nf3 d5 2. b3 Nf6 3. Bb2 e6 4. g3 Be7 5. Bg2 O-O 6. O-O Nbd7 7. d4 c5 8. e3
b6 9. a4 Ba6 10. Re1 Rc8 11. Na3 Qc7 12. Nb5 Bxb5 13. axb5 cxd4 14. Nxd4 Ra8
15. Nc6 Rfe8 16. c4 a5 17. Rc1 Qd6 18. Ra1 Qc7 19. Re2 Rac8 20. Rc2 Nb8 21.
cxd5 Nxd5 22. Bxd5 exd5 23. Qg4 Bf8 24. Ne7+ Qxe7 25. Rxc8 Rxc8 26. Qxc8 Nd7
27. Ba3 Qe6 28. Rc1 Nc5 29. Qd8 Qd6 30. Qc8 Qe6 31. Qa8 Qd7 32. Bxc5 bxc5 33.
Rxc5 1-0